Computing with Quantum Cats: From Colossus to Qubits
| Huvudupphovsman: | |
|---|---|
| Materialtyp: | Okänd |
| Publicerad: |
Prometheus
2014
|
| LEADER | 00216 a2200085 4500 | ||
|---|---|---|---|
| 020 | |a 9781616149215 | ||
| 100 | |a John Gribbin | ||
| 245 | |a Computing with Quantum Cats: From Colossus to Qubits | ||
| 260 | |b Prometheus |c 2014 | ||
| 999 | |c 41972 |d 41972 | ||